Leader xxxxxxxxxx
001 __ PCLIS00056487
005 __ 20230430200726.0
010 0_ |a978-957-33-3989-2|b平裝|dNT$450
100 __ |a20230426d2023 m y0chiy09 e
101 1_ |achi|cengeng
102 __ |atw
105 __ |ay z 000ay
200 1_ |a那些破碎的地方|e|f約翰.波恩(John Boyne)著|g謝靜雯譯
205 __ |a初版
210 __ |a臺北市|c皇冠文化|d2023[民112]
215 0_ |a367面|c|d21公分
225 2_ |a皇冠叢書|v第5076種
225 2_ |aChoice|v360
300 __ |a
410 _0 |12001 |a皇冠叢書|v第5076種
410 _0 |12001 |aChoice|v360
454 _1 |12001 |aAll the broken places
681 __ |a873.857|b864
700 _1 |a波恩|b|c(Boyne, John)|4著
702 _1 |a謝|b靜雯|4譯
770 _1 |aBoyne, John
801 _0 |atw|b內湖高中|c20230426|gCCR
|